NHL Alternate Logos - Statistics

General Stats
  • This quiz has been taken 66 times
  • The average score is 22 of 23
Answer Stats
Picture Answer % Correct
Boston Bruins
100%
Columbus Blue Jackets
100%
Edmonton Oilers
100%
New York Rangers
100%
Toronto Maple Leafs
100%
Vancouver Canucks
98%
Winnipeg Jets
98%
New York Islanders
96%
Pittsburgh Penguins
96%
Seattle Kraken
96%
Anaheim Ducks
94%
Colorado Avalanche
94%
Dallas Stars
94%
Los Angeles Kings
94%
Minnesota Wild
94%
Philadelphia Flyers
94%
Washington Capitals
94%
New Jersey Devils
92%
St. Louis Blues
92%
Buffalo Sabres
85%
Calgary Flames
83%
Carolina Hurricanes
77%
Las Vegas Golden Knights
77%
No matching quizzes found
Score Distribution
Percent of People with Each Score
Percentile by Number Answered
Your Score History
You have not taken this quiz